[Event "26th EUR-ch"]
[Site "Katowice POL"]
[Date "2026.04.16"]
[Round "9.218"]
[White "Zelak, Wladyslaw"]
[Black "Stierhof, Michael"]
[Result "1-0"]
[WhiteElo "1867"]
[BlackElo "1993"]
[EventDate "2026.04.07"]
[PlyCount "73"]

1.e4 c5 2.Nf3 d6 3.d4 cxd4 4.Nxd4 Nf6 5.Nc3 g6 6.Be3 Bg7 7.f3 O-O 8.Qd2 
Nc6 9.O-O-O Nxd4 10.Bxd4 Be6 11.Nd5 Bxd5 12.exd5 a6 13.g4 Rc8 14.h4 Qc7 
15.Rh2 e5 16.Bc3 Rfe8 17.g5 Nh5 18.Bh3 Rb8 19.Bg4 e4 20.Bxg7 Nxg7 21.f4 
Qc4 22.b3 Qc5 23.h5 Nf5 24.hxg6 fxg6 25.Bxf5 gxf5 26.Rdh1 Re7 27.g6 Rbe8 
28.gxh7+ Kh8 29.c4 Rg7 30.Qc3 Qc7 31.Rg2 Re7 32.Qf6 Qc8 33.Rxg7 Rxg7 34.
Rg1 Qc7 35.Qxg7+ Qxg7 36.Rxg7 Kxg7 37.c5 1-0

[Event "26th EUR-ch"]
[Site "Katowice POL"]
[Date "2026.04.16"]
[Round "9.219"]
[White "Was, Stanislaw"]
[Black "Dovzhenko, Oleksandr"]
[Result "1-0"]
[WhiteElo "1807"]
[BlackElo "1990"]
[EventDate "2026.04.07"]
[PlyCount "100"]

1.e4 Nc6 2.Nf3 d6 3.d4 Nf6 4.Nc3 g6 5.Bf4 Bg7 6.Qd2 Bg4 7.Be2 a6 8.h3 Bxf3
9.Bxf3 e5 10.dxe5 dxe5 11.Qxd8+ Rxd8 12.Be3 b5 13.O-O Nd4 14.Bxd4 exd4 15.
Nd5 Nxd5 16.exd5 O-O 17.Rfe1 Rfe8 18.Rxe8+ Rxe8 19.Rd1 Kf8 20.Kf1 Re7 21.
b3 Ke8 22.Re1 Rxe1+ 23.Kxe1 Ke7 24.Kd2 a5 25.Be2 Kd6 26.Bxb5 Kxd5 27.Bc4+ 
Kc5 28.a4 f6 29.Kd3 Bf8 30.Bg8 h6 31.Bh7 Kd5 32.Bxg6 Bb4 33.f4 Bc3 34.Bf7+
Kd6 35.Ke4 Ke7 36.Bc4 c5 37.Kf5 Kf8 38.Kg6 Bd2 39.f5 Ke7 40.Kg7 Be3 41.g4 
Bg5 42.Kg6 Kd6 43.Kh5 Ke7 44.h4 Be3 45.Kg6 Bf2 46.g5 fxg5 47.Kg7 d3 48.c3 
Be1 49.f6+ Kd7 50.f7 Bxc3+ 1-0

[Event "26th EUR-ch"]
[Site "Katowice POL"]
[Date "2026.04.16"]
[Round "9.220"]
[White "Babinska, Liwia"]
[Black "Varney, Zoe"]
[Result "0-1"]
[WhiteElo "1763"]
[BlackElo "1988"]
[EventDate "2026.04.07"]
[PlyCount "80"]

1.e4 e5 2.Nf3 Nc6 3.Bc4 Nf6 4.d3 Bc5 5.c3 a6 6.a4 Ba7 7.Bb3 h6 8.h3 O-O 9.
O-O d5 10.exd5 Nxd5 11.Re1 Re8 12.d4 e4 13.Nh2 Nf6 14.Nf1 Ne7 15.Ng3 Nf5 
16.Be3 Nxe3 17.fxe3 c6 18.Nh5 Nxh5 19.Qxh5 Be6 20.Bxe6 Rxe6 21.Rf1 Qc7 22.
Rf2 Rae8 23.Nd2 Bb8 24.Nf1 Qe7 25.Rc1 Rg6 26.Rcc2 Rg5 27.Qe2 Qd7 28.Qc4 
Re6 29.b4 Reg6 30.Kh1 Qxh3+ 31.Kg1 Qd7 32.Qb3 Rh5 33.Qa2 Rg4 34.g3 Bxg3 
35.Rg2 Bc7 36.Rxg4 Qxg4+ 37.Rg2 Qh3 38.Qe2 Qh1+ 39.Kf2 Rf5+ 40.Ke1 Rf3 0-1

[Event "26th EUR-ch"]
[Site "Katowice POL"]
[Date "2026.04.16"]
[Round "9.221"]
[White "Dovbysh, Timur"]
[Black "Gawronski, Michal"]
[Result "1-0"]
[WhiteElo "1984"]
[BlackElo "1717"]
[EventDate "2026.04.07"]
[PlyCount "95"]

1.e4 c6 2.d4 d5 3.e5 c5 4.dxc5 Nc6 5.a3 Bf5 6.Nf3 e6 7.b4 Qc7 8.Bb5 Ne7 9.
O-O g6 10.Bb2 Bg7 11.Nbd2 O-O 12.Re1 Rad8 13.Qc1 Bh6 14.h3 Be4 15.Qd1 Bg7 
16.Kh1 Nf5 17.Bxc6 Bxf3 18.Qxf3 bxc6 19.Nb3 Rd7 20.Rad1 Rfd8 21.Na5 h6 22.
c4 Ne7 23.cxd5 cxd5 24.c6 Nxc6 25.Rc1 Nxe5 26.Bxe5 Qb6 27.Nc6 Re8 28.Bxg7 
Kxg7 29.Qc3+ f6 30.Qc5 d4 31.Qxb6 axb6 32.Rcd1 Kf7 33.Rxd4 Rc7 34.Nd8+ Kg8
35.Rxe6 Rxe6 36.Nxe6 Rc1+ 37.Kh2 g5 38.Rd6 b5 39.Nd4 Kg7 40.Nxb5 Kg6 41.a4
h5 42.a5 g4 43.hxg4 hxg4 44.g3 Kf5 45.a6 Ke4 46.a7 Ra1 47.Kg2 f5 48.Rd8 
1-0

[Event "26th EUR-ch"]
[Site "Katowice POL"]
[Date "2026.04.16"]
[Round "9.222"]
[White "Demiroz, Alp"]
[Black "Pousada Garcia, Victor Daniel"]
[Result "0-1"]
[WhiteElo "1762"]
[BlackElo "1984"]
[EventDate "2026.04.07"]
[PlyCount "72"]

1.e4 g6 2.d4 Bg7 3.c4 c5 4.d5 d6 5.Nc3 Nf6 6.Bd3 O-O 7.Nge2 a6 8.O-O b5 9.
cxb5 Nbd7 10.f3 Ne8 11.Be3 Nc7 12.Qd2 Ne5 13.a4 axb5 14.Nxb5 Nxd3 15.Qxd3 
Bxb2 16.Rab1 Bg7 17.Nec3 Ba6 18.Rfc1 Qd7 19.Qc2 Rfb8 20.Nxc7 Qxc7 21.Nb5 
Qd7 22.Qc4 Rb6 23.Rb3 Bxb5 24.axb5 Ra5 25.Rcb1 Qa7 26.f4 Ra4 27.Qc2 Bd4 
28.Qd3 Qa5 29.e5 Bxe3+ 30.Qxe3 Rb4 31.Rxb4 cxb4 32.exd6 exd6 33.Rc1 Rb8 
34.f5 Qxb5 35.f6 Qxd5 36.Re1 Qc5 0-1

[Event "26th EUR-ch"]
[Site "Katowice POL"]
[Date "2026.04.16"]
[Round "9.223"]
[White "Truchel, Tomasz"]
[Black "Hlavacek, Pavel"]
[Result "0-1"]
[WhiteElo "1698"]
[BlackElo "1982"]
[EventDate "2026.04.07"]
[PlyCount "58"]

1.e4 c5 2.Nf3 Nc6 3.Bc4 e6 4.Nc3 a6 5.a4 Nf6 6.e5 Ng4 7.Qe2 Qc7 8.d3 Ngxe5
9.O-O Bd6 10.Nxe5 Bxe5 11.f4 Bd4+ 12.Kh1 O-O 13.f5 d5 14.Bb3 Bd7 15.f6 
Bxf6 16.Rxf6 gxf6 17.Bh6 Ne5 18.Bxf8 Rxf8 19.Rf1 f5 20.Qh5 Ng6 21.g4 f4 
22.Rf3 Bc6 23.Rh3 f6 24.Kg1 Rf7 25.Ne4 c4 26.dxc4 dxe4 27.c5 Qd7 28.g5 f3 
29.Bxe6 Qd1+ 0-1

[Event "26th EUR-ch"]
[Site "Katowice POL"]
[Date "2026.04.16"]
[Round "9.224"]
[White "Rozhok, Oleksii"]
[Black "Szczypka, Sebastian"]
[Result "1-0"]
[WhiteElo "1979"]
[BlackElo "1719"]
[EventDate "2026.04.07"]
[PlyCount "107"]

1.e4 c5 2.Nf3 d6 3.d4 cxd4 4.Nxd4 Nf6 5.f3 Nc6 6.c4 e6 7.Nc3 Be7 8.Be3 O-O
9.Qd2 a6 10.Qf2 Kh8 11.Be2 Qa5 12.O-O Bd7 13.g4 Rac8 14.Nb3 Qc7 15.Bb6 Qb8
16.Rad1 Ne5 17.c5 dxc5 18.g5 Ng8 19.f4 c4 20.fxe5 cxb3 21.Rxd7 Qxe5 22.
axb3 Bxg5 23.Bd4 Qb8 24.Rxf7 Rxf7 25.Qxf7 e5 26.Bf2 Rf8 27.Qh5 Bf4 28.Nd5 
Nf6 29.Nxf6 Rxf6 30.Rd1 Rg6+ 31.Kf1 Qf8 32.Qf3 Rf6 33.h4 Bh6 34.Qg3 Bf4 
35.Qd3 Bh6 36.Bf3 g6 37.Ke2 Kg7 38.Be1 Bf4 39.Bc3 Kh6 40.Qd8 Qc5 41.Rd3 
Rf7 42.Qd5 Qc7 43.h5 b5 44.hxg6 hxg6 45.b4 Bg3 46.Qc5 Qb8 47.Qg1 Bf4 48.
Bg4 Qb7 49.Qh1+ Kg7 50.Rd8 Kf6 51.Qh4+ Bg5 52.Qh8+ Rg7 53.Qf8+ Rf7 54.Rd6#
1-0

[Event "26th EUR-ch"]
[Site "Katowice POL"]
[Date "2026.04.16"]
[Round "9.225"]
[White "Czyz, Andrzej"]
[Black "Kozera, Patryk"]
[Result "1/2-1/2"]
[WhiteElo "1936"]
[BlackElo "1694"]
[EventDate "2026.04.07"]
[PlyCount "121"]

1.d4 Nf6 2.c4 g6 3.Nc3 Bg7 4.Nf3 O-O 5.h4 d6 6.Bg5 c5 7.Qd2 Bf5 8.Bh6 Nc6 
9.Bxg7 Kxg7 10.d5 Nb4 11.Rc1 Qd7 12.a3 Na6 13.Ng5 h6 14.e4 hxg5 15.exf5 
Qxf5 16.Qxg5 Qxg5 17.hxg5 Nd7 18.Be2 Nc7 19.Kd2 Rab8 20.f4 a6 21.a4 f5 22.
Rh6 Rh8 23.Rch1 Rxh6 24.Rxh6 e5 25.dxe6 Nxe6 26.g3 Nb6 27.b3 Re8 28.Bd1 
Re7 29.a5 Nd7 30.Nd5 Rf7 31.Kd3 Ndf8 32.Rh2 Nd4 33.Nf6 Re7 34.b4 Re1 35.
Kd2 Rg1 36.Ne8+ Kg8 37.Nxd6 cxb4 38.c5 Nfe6 39.Rh6 Nf8 40.Ba4 Rxg3 41.Be8 
Rc3 42.Bf7+ Kg7 43.Bd5 Nde6 44.Bxe6 Nxe6 45.Nxf5+ gxf5 46.Rxe6 Rxc5 47.
Re7+ Kg6 48.Rxb7 Rxa5 49.Rb6+ Kh5 50.Rxb4 Kg4 51.Ke3 Ra3+ 52.Kd2 Ra2+ 53.
Kc3 Kf3 54.Kb3 Ra1 55.Ra4 Rb1+ 56.Kc2 Rg1 57.Kb3 Rb1+ 58.Ka2 Rg1 59.Rc4 a5
60.Kb3 Ke3 61.Kc2 1/2-1/2

[Event "26th EUR-ch"]
[Site "Katowice POL"]
[Date "2026.04.16"]
[Round "9.226"]
[White "Damaso Tacoronte, Carolina"]
[Black "Bialowas, Maria"]
[Result "1/2-1/2"]
[WhiteElo "1918"]
[BlackElo "1667"]
[EventDate "2026.04.07"]
[PlyCount "88"]

1.d4 Nf6 2.c4 g6 3.Nc3 Bg7 4.e4 O-O 5.Be2 d6 6.Bg5 h6 7.Be3 Nbd7 8.Qd2 Kh7
9.h3 c5 10.d5 b5 11.cxb5 a6 12.Nf3 axb5 13.Bxb5 Qa5 14.Bd3 Ba6 15.O-O Rfb8
16.Bxa6 Rxa6 17.Rab1 Rab6 18.Qc2 Qa6 19.a3 Ne8 20.Bd2 Nc7 21.a4 Qc4 22.
Rfc1 Rb3 23.Be1 R3b7 24.Nd2 Qa6 25.b3 Ne5 26.Rd1 Qd3 27.Qc1 Qa6 28.Na2 Nd3
29.Qc2 Nxe1 30.Rxe1 Na8 31.Nc3 Qa5 32.Nb5 Nc7 33.Nxc7 Rxc7 34.Re3 Qb4 35.
Rf3 Kg8 36.Rd3 Ra7 37.Qc4 Qxc4 38.Nxc4 Rxa4 39.Rbd1 Rab4 40.Nd2 h5 41.g3 
R8b6 42.h4 Bd4 43.Kg2 Kg7 44.Rf3 Rb8 1/2-1/2

[Event "26th EUR-ch"]
[Site "Katowice POL"]
[Date "2026.04.16"]
[Round "9.227"]
[White "Gospodarczyk, Wlodzimierz"]
[Black "Zuqanov, Ali"]
[Result "1/2-1/2"]
[WhiteElo "1730"]
[BlackElo "2015"]
[EventDate "2026.04.07"]
[PlyCount "35"]

1.e4 c6 2.d3 d5 3.Nd2 e5 4.Ngf3 Qc7 5.exd5 cxd5 6.c4 Nf6 7.g3 Bf5 8.Nh4 
Be6 9.Bg2 Nc6 10.a3 dxc4 11.dxc4 Rd8 12.Qa4 Bd7 13.O-O Nd4 14.Qd1 Bg4 15.
Qa4+ Bd7 16.Qd1 Bg4 17.Qa4+ Bd7 18.Qd1 1/2-1/2

[Event "26th EUR-ch"]
[Site "Katowice POL"]
[Date "2026.04.16"]
[Round "9.228"]
[White "Wolynski, Antoni"]
[Black "Uzun, Kuzey"]
[Result "0-1"]
[WhiteElo "1667"]
[BlackElo "1982"]
[EventDate "2026.04.07"]
[PlyCount "120"]

1.e4 e6 2.d4 d5 3.Nd2 a6 4.e5 c5 5.c3 Nc6 6.Ne2 Nge7 7.Nf3 Nf5 8.Ng3 cxd4 
9.Nxf5 exf5 10.cxd4 Qb6 11.a3 Be7 12.Bd3 Be6 13.O-O O-O 14.Bc2 h6 15.Qd3 
Qb5 16.Qe3 Na5 17.b4 Rac8 18.Bd3 Nc4 19.Qf4 Qd7 20.Qg3 Kh8 21.Ra2 Rg8 22.
h4 Rc7 23.Rc2 Rgc8 24.h5 b6 25.Bxc4 Rxc4 26.Rxc4 dxc4 27.Be3 Qd5 28.Ne1 c3
29.Nd3 c2 30.Nf4 Qb3 31.Nxe6 Qxe6 32.Qf3 Bg5 33.Bxg5 hxg5 34.Qe3 f4 35.Qd2
Qb3 36.Rc1 Qc3 37.Qxc3 Rxc3 38.d5 Kg8 39.Kf1 Rd3 40.Rxc2 Rd1+ 41.Ke2 Rxd5 
42.Rc6 Rxe5+ 43.Kf3 Rb5 44.Ke4 a5 45.Rc4 f6 46.g4 fxg3 47.fxg3 axb4 48.
Rxb4 f5+ 49.Kd4 Rxb4+ 50.axb4 g6 51.Ke5 gxh5 52.Kxf5 h4 53.gxh4 gxh4 54.
Kg4 Kf7 55.b5 Ke6 56.Kxh4 Kd5 57.Kg4 Kc5 58.Kf4 Kxb5 59.Ke3 Kc4 60.Kd2 Kb3
0-1

[Event "26th EUR-ch"]
[Site "Katowice POL"]
[Date "2026.04.16"]
[Round "9.229"]
[White "Krawczyk, Marcin"]
[Black "Chmiel, Dominika"]
[Result "0-1"]
[WhiteElo "1663"]
[BlackElo "1932"]
[EventDate "2026.04.07"]
[PlyCount "58"]

1.e4 e5 2.Nf3 Nc6 3.Bc4 Bc5 4.b4 Bxb4 5.c3 Be7 6.d4 Na5 7.Bd3 d6 8.O-O Nf6
9.Nbd2 O-O 10.dxe5 dxe5 11.Nxe5 Bd6 12.Ndc4 Nxc4 13.Nxc4 Bc5 14.Bg5 h6 15.
Bh4 g5 16.Bg3 Qe7 17.Qc2 Nh5 18.Be5 b5 19.Bd4 bxc4 20.Bxc4 Nf4 21.h4 Bxd4 
22.cxd4 gxh4 23.e5 Qg5 24.Qe4 Bf5 25.Qf3 Rad8 26.g3 Rxd4 27.Bb3 Ng6 28.
Rae1 hxg3 29.fxg3 Rd3 0-1

[Event "26th EUR-ch"]
[Site "Katowice POL"]
[Date "2026.04.16"]
[Round "9.230"]
[White "Pietrzak, Wojciech"]
[Black "Domoradzki, Tomasz"]
[Result "1/2-1/2"]
[WhiteElo "1854"]
[BlackElo "1661"]
[EventDate "2026.04.07"]
[PlyCount "88"]

1.e4 c5 2.Nf3 Nc6 3.d4 cxd4 4.Nxd4 Qb6 5.Nb3 Nf6 6.Nc3 e6 7.Be3 Qc7 8.a3 
Be7 9.Be2 a6 10.O-O O-O 11.f4 d5 12.e5 Ne4 13.Nxe4 dxe4 14.Qe1 f6 15.exf6 
Bxf6 16.c3 Ne7 17.Nd4 Nf5 18.Bg4 Re8 19.Nxf5 exf5 20.Be2 Be6 21.Qf2 Bc4 
22.Rfe1 Bxe2 23.Rxe2 Qc4 24.Rd2 Rad8 25.Rad1 Rxd2 26.Rxd2 Rd8 27.Rxd8+ 
Bxd8 28.Qd2 Bf6 29.Qd7 h6 30.Kf2 Qb3 31.Kg3 Qxb2 32.Qc8+ Kf7 33.Qxf5 Qxc3 
34.Qd5+ Ke8 35.Qxe4+ Kd8 36.Qf3 Kc8 37.a4 Bd4 38.Bxd4 Qxd4 39.Qb3 Qf6 40.
Qc4+ Kd7 41.Qd5+ Kc7 42.Qc5+ Kd7 43.Qd5+ Kc7 44.Qc5+ Kd7 1/2-1/2

[Event "26th EUR-ch"]
[Site "Katowice POL"]
[Date "2026.04.16"]
[Round "9.231"]
[White "Trybus, Dominika"]
[Black "Babczynski, Zbigniew"]
[Result "1/2-1/2"]
[WhiteElo "1843"]
[BlackElo "1622"]
[EventDate "2026.04.07"]
[PlyCount "53"]

1.Nf3 d5 2.g3 Nf6 3.Bg2 c5 4.d3 Bg4 5.c3 Bxf3 6.Bxf3 e6 7.Bf4 Nc6 8.Bg2 
Qb6 9.Qc2 Be7 10.e4 O-O 11.O-O Rfd8 12.exd5 Nxd5 13.Be3 Nxe3 14.fxe3 Ne5 
15.d4 Nc4 16.Qe2 Nxb2 17.Nd2 Na4 18.Qf2 f5 19.Rab1 Qa5 20.Rxb7 Bf6 21.Nb3 
Qxc3 22.Rc1 Qd3 23.Bf1 Qe4 24.Bg2 Qd3 25.Bf1 Qe4 26.Bg2 Qd3 27.Bf1 1/2-1/2

[Event "26th EUR-ch"]
[Site "Katowice POL"]
[Date "2026.04.16"]
[Round "9.232"]
[White "Sowa, Maciej"]
[Black "Biela, Jan"]
[Result "1/2-1/2"]
[WhiteElo "1549"]
[BlackElo "1806"]
[EventDate "2026.04.07"]
[PlyCount "75"]

1.d4 d5 2.c4 c6 3.cxd5 cxd5 4.Nc3 e6 5.Bf4 Bd6 6.Bxd6 Qxd6 7.Nf3 Nf6 8.e3 
a6 9.Bd3 O-O 10.O-O Nbd7 11.Rc1 b5 12.Bb1 Bb7 13.Qe2 Ne4 14.Rc2 f5 15.Nd2 
Nxd2 16.Qxd2 Rac8 17.Rfc1 Nb6 18.b3 Rc6 19.Ne2 Rfc8 20.Rxc6 Rxc6 21.Rxc6 
Qxc6 22.Qc2 Qxc2 23.Bxc2 b4 24.Nf4 Kf7 25.Nd3 a5 26.Nc5 Bc6 27.Kf1 Nd7 28.
Nxd7 Bxd7 29.Ke2 Ke7 30.Kd2 Kf6 31.f4 h6 32.g3 Be8 33.Bd1 Bb5 34.Be2 Bxe2 
35.Kxe2 Kg6 36.Kf3 Kh5 37.Kg2 Kg6 38.Kf3 1/2-1/2

[Event "26th EUR-ch"]
[Site "Katowice POL"]
[Date "2026.04.16"]
[Round "9.233"]
[White "Szymura, Oliwia"]
[Black "Hrckova, Anna"]
[Result "0-1"]
[WhiteElo "1517"]
[BlackElo "1779"]
[EventDate "2026.04.07"]
[PlyCount "176"]

1.e4 e6 2.d3 d5 3.Nc3 Nf6 4.Nf3 Be7 5.g3 c5 6.Bg2 Nc6 7.O-O O-O 8.h4 a6 9.
Re1 b5 10.e5 Nd7 11.Bf4 f6 12.exf6 Nxf6 13.Ng5 b4 14.Na4 e5 15.Bxe5 Nxe5 
16.Rxe5 Bd6 17.Rxd5 Ra7 18.Nxc5 Qe7 19.Rxd6 Qxd6 20.Nce4 Qe7 21.Nxf6+ Qxf6
22.Bd5+ Kh8 23.Qf3 Qxf3 24.Nxf3 Rc7 25.Ne5 Bb7 26.Bb3 g6 27.Re1 Kg7 28.d4 
Rd8 29.Re3 Rxd4 30.c3 Rd2 31.Nc4 Rdd7 32.Ne5 Re7 33.f4 bxc3 34.bxc3 a5 35.
a4 Ba6 36.c4 Rc5 37.Rd3 Rb7 38.Ba2 Rbc7 39.Rd4 Re7 40.Rd6 Bb7 41.Kf2 Be4 
42.Ke3 Bc2 43.Kd4 Rec7 44.Ra6 Bxa4 45.Nd3 R5c6 46.Rxa5 Rd6+ 47.Kc3 Bd7 48.
c5 Rf6 49.Ne5 Bc8 50.Kd4 Ra6 51.Rxa6 Bxa6 52.c6 Bb5 53.Bd5 Ra7 54.Kc5 Bxc6
55.Bxc6 Ra3 56.Bf3 h6 57.Kd6 Kf6 58.Kd5 Ra5+ 59.Kd4 Ra4+ 60.Ke3 Ra3+ 61.
Nd3 Ra1 62.g4 Ra2 63.h5 Ra3 64.hxg6 Kxg6 65.Kd4 Ra4+ 66.Kd5 Ra5+ 67.Nc5 
Ra7 68.Be4+ Kf6 69.Bf5 Ra5 70.Kd6 h5 71.Nd7+ Kg7 72.Be6 h4 73.f5 h3 74.f6+
Kg6 75.Ne5+ Kxf6 76.g5+ Kxg5 77.Bxh3 Kf6 78.Bd7 Rxe5 79.Kc6 Re1 80.Kc5 Ke5
81.Bc6 Rc1+ 82.Kb6 Kd6 83.Ba4 Rb1+ 84.Bb5 Rb2 85.Ka5 Kc5 86.Bd7 Ra2+ 87.
Ba4 Ra1 88.Ka6 Rxa4+ 0-1

[Event "26th EUR-ch"]
[Site "Katowice POL"]
[Date "2026.04.16"]
[Round "9.234"]
[White "Stawecki, Bartlomiej"]
[Black "Galuszka, Leon"]
[Result "1/2-1/2"]
[WhiteElo "1776"]
[BlackElo "1592"]
[EventDate "2026.04.07"]
[PlyCount "96"]

1.e4 c6 2.d4 d5 3.e5 Bf5 4.h4 h5 5.Bg5 Qb6 6.Bd3 Bxd3 7.Qxd3 e6 8.Nd2 Be7 
9.Ngf3 Nd7 10.c4 Bxg5 11.Nxg5 Ne7 12.O-O Nf5 13.Ndf3 O-O 14.Rfc1 g6 15.Rc2
Qd8 16.g3 dxc4 17.Qxc4 Nb6 18.Qc5 Qd5 19.Qb4 Rfd8 20.Rc5 Qd7 21.Ne4 Kg7 
22.Nf6 Qc7 23.Qd2 Nd7 24.Nxd7 Rxd7 25.Qc3 Rad8 26.Rd1 Rd5 27.b4 Qd7 28.Rc4
a6 29.Kg2 Qc7 30.Rd2 Qb6 31.a3 R8d7 32.Rc5 Qd8 33.Rc4 Nh6 34.Ng5 Nf5 35.
Nf3 Nh6 36.Rc5 Nf5 37.Rxd5 Rxd5 38.Qc4 a5 39.bxa5 Qxa5 40.Rb2 Qa7 41.Rb4 
Ra5 42.a4 Rd5 43.Qc3 Rd7 44.Qb2 Qa6 45.Rb6 Qxa4 46.Rxb7 Rxb7 47.Qxb7 Qb5 
48.Qd7 Qd5 1/2-1/2

[Event "26th EUR-ch"]
[Site "Katowice POL"]
[Date "2026.04.16"]
[Round "9.235"]
[White "Krzeszewski, Filip"]
[Black "Jaworski, Pawel"]
[Result "1-0"]
[WhiteElo "1759"]
[BlackElo "1564"]
[EventDate "2026.04.07"]
[PlyCount "63"]

1.e4 c5 2.Nf3 e6 3.d4 cxd4 4.Nxd4 a6 5.Nc3 b5 6.Bd3 Bb7 7.O-O Nf6 8.a3 d5 
9.Bg5 Be7 10.e5 Nfd7 11.Bxe7 Qxe7 12.f4 Qc5 13.Ne2 Nc6 14.c3 Nb6 15.b4 Qe7
16.Nxc6 Bxc6 17.Nd4 Kd7 18.f5 Raf8 19.Qg4 g6 20.fxe6+ fxe6 21.Rae1 Nc4 22.
Rf6 Re8 23.Rxe6 Qxe6 24.Nxe6 Rxe6 25.Bxc4 bxc4 26.Rf1 Ke7 27.Qg5+ Kd7 28.
Rf7+ Kc8 29.Qe3 Be8 30.Ra7 Kb8 31.Qc5 Rc6 32.Qe7 1-0

[Event "26th EUR-ch"]
[Site "Katowice POL"]
[Date "2026.04.16"]
[Round "9.236"]
[White "Zychon, Rozalia"]
[Black "Klementys, Jerzy"]
[Result "0-1"]
[WhiteElo "1471"]
[BlackElo "1734"]
[EventDate "2026.04.07"]
[PlyCount "30"]

1.g3 Nf6 2.Bg2 g6 3.Nf3 Bg7 4.O-O O-O 5.d4 d5 6.Nbd2 c5 7.dxc5 Na6 8.a3 
Nxc5 9.c4 dxc4 10.Nxc4 Qxd1 11.Rxd1 Nb3 12.Be3 Nxa1 13.Rxa1 Be6 14.Nfe5 
Nd5 15.Nd3 Rac8 0-1

[Event "26th EUR-ch"]
[Site "Katowice POL"]
[Date "2026.04.16"]
[Round "9.237"]
[White "Rudowski, Szymon"]
[Black "Lewinski, Leon"]
[Result "1-0"]
[WhiteElo "1810"]
[BlackElo "1572"]
[EventDate "2026.04.07"]
[PlyCount "59"]

1.e4 c5 2.Nf3 d6 3.Bb5+ Bd7 4.Bxd7+ Qxd7 5.c4 Nf6 6.Nc3 g6 7.d4 cxd4 8.
Nxd4 Bg7 9.f3 Nc6 10.Nde2 O-O 11.Be3 a6 12.O-O Rac8 13.Rc1 Qe6 14.b3 Nd7 
15.Qd2 Nde5 16.Nd5 Nd7 17.Rfe1 Qe5 18.Rc2 Nf6 19.Rec1 Nd7 20.b4 Rcd8 21.b5
axb5 22.cxb5 Ncb8 23.Bf4 Qe6 24.Nd4 Bxd4+ 25.Qxd4 f5 26.Bg5 Nf6 27.Rc7 Rf7
28.Rxe7 Rxe7 29.Nxe7+ Qxe7 30.Bxf6 1-0

[Event "26th EUR-ch"]
[Site "Katowice POL"]
[Date "2026.04.16"]
[Round "9.238"]
[White "Tendera, Jan"]
[Black "Ciupek, Oskar"]
[Result "0-1"]
[WhiteElo "1628"]
[BlackElo "1683"]
[EventDate "2026.04.07"]
[PlyCount "51"]

1.e4 e5 2.Nf3 Nc6 3.Nc3 Nf6 4.Bb5 a6 5.Bxc6 dxc6 6.Nxe5 Bc5 7.O-O O-O 8.d3
Re8 9.Nc4 Bg4 10.Ne2 Nxe4 11.Ne3 Nxf2 12.Rxf2 Bxe3 13.Bxe3 Rxe3 14.Qd2 Qe7
15.Ng3 Rd8 16.Rf4 Bc8 17.Qf2 Re5 18.d4 Rg5 19.Re1 Qf8 20.Rfe4 Rg4 21.Qe2 
Rxe4 22.Nxe4 h6 23.Qf2 Re8 24.Qg3 Re7 25.Qf3 f5 26.Qf2 0-1

[Event "26th EUR-ch"]
[Site "Katowice POL"]
[Date "2026.04.16"]
[Round "9.239"]
[White "Zyznowski, Adam"]
[Black "Janik, Albert"]
[Result "1/2-1/2"]
[WhiteElo "1596"]
[BlackElo "1674"]
[EventDate "2026.04.07"]
[PlyCount "73"]

1.e4 c5 2.Nf3 Nc6 3.Bb5 e5 4.O-O Bd6 5.Re1 Nge7 6.c3 O-O 7.d4 Qb6 8.dxe5 
Nxe5 9.Bf1 N7g6 10.Nbd2 Qc6 11.Nc4 Nxc4 12.Bxc4 Bc7 13.Qd5 Qxd5 14.exd5 a6
15.a4 b6 16.Bf1 Bb7 17.c4 Rfe8 18.Bd2 Ne5 19.Nxe5 Bxe5 20.Bc3 Bd6 21.Be2 
Bf8 22.Bf3 a5 23.Bg4 Red8 24.Re3 d6 25.Rae1 Bc8 26.Bxc8 Raxc8 27.f4 f5 28.
h3 Kf7 29.g4 fxg4 30.hxg4 Re8 31.Rxe8 Rxe8 32.Rxe8 Kxe8 33.Kf2 Kf7 34.f5 
Be7 35.Kf3 Bf6 36.Bxf6 Kxf6 37.Kf4 1/2-1/2

[Event "26th EUR-ch"]
[Site "Katowice POL"]
[Date "2026.04.16"]
[Round "9.245"]
[White "Vijayakumar, Rishi"]
[Black "Nowak, Lukasz"]
[Result "1-0"]
[WhiteElo "2347"]
[BlackElo "2166"]
[EventDate "2026.04.07"]
[PlyCount "69"]

1.d4 Nf6 2.c4 e6 3.Nf3 d5 4.Nc3 Be7 5.Bf4 O-O 6.a3 b6 7.Qc2 Bb7 8.Rd1 dxc4
9.e4 b5 10.h4 h6 11.Ng5 Nh5 12.Be3 Nd7 13.Be2 hxg5 14.hxg5 g6 15.Bxh5 gxh5
16.d5 e5 17.Rxh5 Kg7 18.Nxb5 Rh8 19.Rxh8 Qxh8 20.Nxc7 Rc8 21.d6 Bd8 22.
Qxc4 Qh1+ 23.Kd2 Qxg2 24.Qb5 Nb6 25.Qxe5+ Kh7 26.Kd3 Qf3 27.Rc1 Ba6+ 28.
Kd4 Bb7 29.Ne8 f6 30.Nxf6+ Bxf6 31.gxf6 Rc4+ 32.Rxc4 Qd1+ 33.Kc3 Qe1+ 34.
Kb3 Nxc4 35.Qe7+ 1-0

[Event "26th EUR-ch"]
[Site "Katowice POL"]
[Date "2026.04.18"]
[Round "10.1"]
[White "Anton Guijarro, David"]
[Black "Abasov, Nijat"]
[Result "1/2-1/2"]
[WhiteElo "2656"]
[BlackElo "2586"]
[EventDate "2026.04.07"]
[PlyCount "86"]

1.d4 d5 2.c4 e6 3.Nf3 Nf6 4.Nc3 c6 5.e3 Nbd7 6.Be2 Bd6 7.O-O O-O 8.h3 Ne4 
9.a4 f5 10.a5 Rf6 11.Bd2 Nxd2 12.Qxd2 Rh6 13.Ne1 Nf6 14.Qc1 g5 15.Nd3 a6 
16.Ne5 Bd7 17.Na4 Qe7 18.b4 Rd8 19.Nc5 Be8 20.f3 Rh4 21.Qc3 Bxe5 22.dxe5 
Nh5 23.Rfd1 Ng3 24.Qe1 Nxe2+ 25.Qxe2 Rxc4 26.Rd4 Rxd4 27.exd4 f4 28.h4 h6 
29.hxg5 hxg5 30.g3 fxg3 31.f4 Bg6 32.Qg4 Bf5 33.Qxg3 Kf7 34.Kf2 gxf4 35.
Qxf4 Rh8 36.Rg1 Rh4 37.Qg3 Rg4 38.Qh2 Rh4 39.Qg3 Rg4 40.Qh2 Rxg1 41.Qxg1 
Qh4+ 42.Ke2 Qh3 43.Qg5 Bg4+ 1/2-1/2

[Event "26th EUR-ch"]
[Site "Katowice POL"]
[Date "2026.04.18"]
[Round "10.2"]
[White "Kazakouski, Valery"]
[Black "Suleymanli, Aydin"]
[Result "0-1"]
[WhiteElo "2572"]
[BlackElo "2653"]
[EventDate "2026.04.07"]
[PlyCount "58"]

1.d4 Nf6 2.Bf4 e6 3.e3 c5 4.Nf3 Nc6 5.Nbd2 h6 6.h4 d5 7.c3 Bd6 8.Bb5 O-O 
9.Ne5 Qc7 10.Bxc6 bxc6 11.g4 cxd4 12.cxd4 Nd7 13.Nxd7 Bxd7 14.Bxd6 Qxd6 
15.g5 e5 16.Nb3 h5 17.dxe5 Qb4+ 18.Kf1 c5 19.Rc1 Rac8 20.Kg2 Rfe8 21.f3 
Rxe5 22.Qe1 Qb6 23.Qd2 Rce8 24.Rhe1 Qe6 25.Kf2 Qh3 26.Rh1 Qf5 27.Rxc5 Rxe3
28.Nd4 Rd3 29.Qb4 Qf4 0-1

[Event "26th EUR-ch"]
[Site "Katowice POL"]
[Date "2026.04.18"]
[Round "10.3"]
[White "Dudin, Gleb"]
[Black "Gurel, Ediz"]
[Result "1/2-1/2"]
[WhiteElo "2566"]
[BlackElo "2635"]
[EventDate "2026.04.07"]
[PlyCount "98"]

1.e4 c5 2.Nf3 Nc6 3.Nc3 Nf6 4.Bb5 e5 5.O-O d6 6.d3 a6 7.Bxc6+ bxc6 8.h3 
Be7 9.b3 h6 10.Nh2 Be6 11.Ne2 d5 12.Ng3 O-O 13.Bb2 Bd6 14.Qf3 Kh7 15.Rae1 
Nd7 16.Ng4 d4 17.Bc1 Be7 18.Qe2 Bg5 19.f4 exf4 20.Bxf4 Bxf4 21.Rxf4 Qg5 
22.Qf2 h5 23.Nh2 Ne5 24.h4 Qg6 25.Rf5 Bxf5 26.exf5 Qd6 27.Ne4 Qd5 28.f6 
Nd7 29.fxg7 Kxg7 30.Qg3+ Kh8 31.Qf4 Rae8 32.Rf1 Re6 33.Qc7 Rg6 34.Rf2 f6 
35.Nf1 Rg4 36.Nfg3 f5 37.Ng5 Rxh4 38.Ne2 f4 39.Ne4 Qf5 40.Qxc6 Rg4 41.Nxf4
Rxf4 42.Rxf4 Qxf4 43.Qxd7 Qe3+ 44.Kh2 Qf4+ 45.g3 Qg4 46.Qd6 Qe2+ 47.Kh3 
Qg4+ 48.Kh2 Qe2+ 49.Kh3 Qg4+ 1/2-1/2

[Event "26th EUR-ch"]
[Site "Katowice POL"]
[Date "2026.04.18"]
[Round "10.4"]
[White "Martirosian, Haik"]
[Black "Kacharava, Nikolozi"]
[Result "1/2-1/2"]
[WhiteElo "2633"]
[BlackElo "2500"]
[EventDate "2026.04.07"]
[PlyCount "71"]

1.e4 e5 2.Nf3 Nc6 3.Bb5 Nf6 4.O-O Nxe4 5.d4 Nd6 6.Bxc6 dxc6 7.dxe5 Nf5 8.
Qxd8+ Kxd8 9.Nc3 Be7 10.Bf4 h5 11.Rad1+ Ke8 12.g3 Be6 13.b3 Rd8 14.h4 a6 
15.Ne2 c5 16.Rxd8+ Kxd8 17.Ng5 Bxg5 18.Bxg5+ Kd7 19.f3 Kc6 20.Kf2 b5 21.c3
a5 22.Nf4 a4 23.Nxe6 fxe6 24.bxa4 bxa4 25.Rb1 Kd5 26.Rb7 Kc6 27.Ra7 Rb8 
28.g4 Rb2+ 29.Ke1 hxg4 30.fxg4 Nh6 31.Rxa4 Kd5 32.Bd2 c4 33.g5 Nf5 34.h5 
Rb1+ 35.Ke2 Rh1 36.h6 1/2-1/2

[Event "26th EUR-ch"]
[Site "Katowice POL"]
[Date "2026.04.18"]
[Round "10.5"]
[White "Lagarde, Maxime"]
[Black "Dehtiarov, Roman"]
[Result "0-1"]
[WhiteElo "2621"]
[BlackElo "2452"]
[EventDate "2026.04.07"]
[PlyCount "92"]

1.c4 e5 2.Nc3 Nf6 3.Nf3 e4 4.Ng5 c6 5.Ngxe4 Nxe4 6.Nxe4 d5 7.cxd5 cxd5 8.
Ng3 h5 9.e3 h4 10.Ne2 Nc6 11.d4 Qf6 12.Nc3 Qg6 13.f3 Bd6 14.Kf2 Bg3+ 15.
Kg1 Bd6 16.Bd3 Bf5 17.Bxf5 Qxf5 18.Bd2 O-O-O 19.Rc1 Rhe8 20.a3 Kb8 21.Qc2 
Qh5 22.Nb5 h3 23.g4 Qh4 24.Qd3 Bxh2+ 25.Kf1 Bg3 26.Ke2 Re6 27.Rcf1 h2 28.
Kd1 Qh3 29.b4 Ne7 30.Nc3 f5 31.g5 f4 32.e4 dxe4 33.fxe4 Qg4+ 34.Kc2 Ng6 
35.d5 Ne5 36.Qd4 Re7 37.Kb3 Nf3 38.Qd3 Nxd2+ 39.Qxd2 Qxg5 40.Rxh2 Bxh2 41.
Qxh2 Rf7 42.Rd1 Qe5 43.d6 Rc8 44.Rd3 Rd7 45.Qd2 Rcd8 46.Rd5 Rxd6 0-1